Fairy Tales (Record no. 12120)
[ view plain ]
| 000 -LEADER | |
|---|---|
| fixed length control field | 00260nam a22000977a 4500 |
| 008 - FIXED-LENGTH DATA ELEMENTS--GENERAL INFORMATION | |
| fixed length control field | 221103b |||||||| |||| 00| 0 eng d |
| 020 ## - INTERNATIONAL STANDARD BOOK NUMBER | |
| International Standard Book Number | 9789388969725 |
| 100 ## - MAIN ENTRY--PERSONAL NAME | |
| Personal name | Anderson Christian Hans |
| 9 (RLIN) | 7611 |
| 245 ## - TITLE STATEMENT | |
| Title | Fairy Tales |
| 260 ## - PUBLICATION, DISTRIBUTION, ETC. (IMPRINT) | |
| Place of publication, distribution, etc. | New Delhi |
| Name of publisher, distributor, etc. | Prakash Books |
| Date of publication, distribution, etc. | 2019 |
| Withdrawn status | Lost status | Source of classification or shelving scheme | Damaged status | Koha normalized classification for sorting | Not for loan | Collection code | Home library | Current library | Shelving location | Date acquired | Total Checkouts | Full call number | Barcode | Date last seen | Date last checked out | Price effective from | Koha item type |
|---|---|---|---|---|---|---|---|---|---|---|---|---|---|---|---|---|---|
| Dewey Decimal Classification | AND_823_000000000000000 | Fiction | Good Samaritan School Library | Good Samaritan School Library | FICTION | 11/03/2022 | 8 | AND823 | AND17358 | 09/03/2025 | 08/29/2025 | 11/03/2022 | BOOK |